000 00662nam a2200265Ia 4500
003 OSt
005 20220918183926.0
006 a|||||r|||| 00| 0
007 ta
008 220917b |||||||| |||| 00| 0 eng d
024 _a42,450
037 _cTextual
040 _aARTS
_cARTS
_beng
041 _2eng
_aeng
082 _aO1516x, M2
100 _aJain B D
_963931
245 0 _aArdha Magadhi reader
250 _a2nd
260 _aDelhi
_bSri Satguru Pub
_c1982
300 _alxv,178p.
_ccm.
500 _aBib lix-lixp
650 _aENGLISH LITERATURE
942 _hO1516x, M2
_cTEXL
_2CC
999 _c174323
_d174323